|
|
|
|
| LEADER |
01063nam a2200337 4500 |
| 001 |
DLU110130204 |
| 005 |
##20111223 |
| 040 |
# |
# |
|a DLU
|b eng
|
| 041 |
# |
# |
|a eng
|
| 044 |
# |
# |
|a us
|
| 245 |
# |
# |
|a Are adolescents gambling with cannabis use ? A longitudinal study of impulsivity measures and adolescent substance use : The TRAILS study /
|c Andrea Prince van Leeuwen ... [et al.].
|
| 653 |
# |
# |
|a Drug use
|
| 653 |
# |
# |
|a Marijuana
|
| 653 |
# |
# |
|a Smoking
|
| 653 |
# |
# |
|a Studies
|
| 653 |
# |
# |
|a Teenagers
|
| 700 |
# |
# |
|a Creemers, Hanneke E.
|
| 700 |
# |
# |
|a Huizink, Anja C.
|
| 700 |
# |
# |
|a Ormel, Johan.
|
| 700 |
# |
# |
|a Van Leeuwen, Andrea Prince.
|
| 700 |
# |
# |
|a Verhulst, Frank C.
|
| 773 |
# |
# |
|t Journal of studies on alcohol and drugs
|g Vol. 72, no. 1 (January 2011), p. 70-78
|
| 920 |
# |
# |
|a Phòng Tạp chí -- Trung tâm Thông tin - Thư viện Trường Đại học Đà Lạt
|
| 994 |
# |
# |
|a DLU
|
| 900 |
# |
# |
|a True
|
| 911 |
# |
# |
|a Trương Bảo Trâm Anh
|
| 925 |
# |
# |
|a G
|
| 926 |
# |
# |
|a A
|
| 927 |
# |
# |
|a BB
|
| 980 |
# |
# |
|a Thư viện Trường Đại học Đà Lạt
|